000 01709nam0a2200385 4500
001 RU\NLR\bibl\1004365
005 20250614225610.0
010 _d36 р.
_9150
021 _aRU
_b2006-58048
_92873
035 _a(nilc)EL/0000070118
035 _aRSL-KNO-002949757
035 _a(NLR Aleph) 000992044
090 _a524989
_c524989
100 _a20060620d2006 |||y0rusy50 ca
101 0 _arus
102 _aRU
105 _aa |||||||||
200 1 _aОрганизация производства на предприятиях
_eучеб. пособие
_fВ. А. Глотов, И. Н. Горелова, А. Г. Лапкова
_gФедер. агентство по образованию, Гос. образоват. учреждение высш. проф. образования "Ом. гос. техн. ун-т"
210 _aОмск
_cИзд-во ОмГТУ
_d2006
215 _a79 с.
_cил., табл.
_d21
320 _aБиблиогр.: с. 79 (19 назв.)
606 1 _aПромышленные предприятия
_jУчебные издания для высших учебных заведений
_xОрганизация производства
_9909001
_3RU\NLR\auth\6611932
686 _aУ9(2)301-801я73-1
_2rubbk
686 _aУ30(2)-801я73
700 1 _aГлотов
_bВ. А.
_gВиктор Андреевич
_4070
701 1 _aЛапкова
_bА. Г.
_4070
701 1 _aГорелова
_bИ. Н.
_gИрина Николаевна
_4070
801 0 _aRU
_bNLR
_c20060620
_grcr
801 1 _aRU
_bРГБ
_c20060620
801 1 _aRU
_bNLR
_c20060620
801 2 _aRU
_bNLR
_c20061107
_grcr
942 _cBOOK
980 _aNB
980 _aNBR